000 00631nam a2200193Ii 4500
003 JO-AjNU
008 230605s9999||||xx |||||||||||||| ||und||
040 _aJO-AjNU
_bara
_erda
_cJO-AjNU
041 _aara
050 1 4 _aAC106.B55.1962
100 3 _aبيرلاند،تيودور ، بدران،احمد/ترجمة,
_eauthor
_918244
245 0 0 _aمن حياة العلماء
264 3 1 _aالقاهرة:دار النهضة العربية ،1962
300 _a353ص
336 _atext
_btxt
_2rdacontent
337 _aunmediated
_bn
_2rdamedia
338 _avolume
_bnc
_2rdacarrier
650 4 _aعلماء امريكيون
_918245
999 _aA5797
_c9365
_d9365